Business communication today / (Record no. 14497)
[ view plain ]
| 000 -LEADER | |
|---|---|
| fixed length control field | 00562nam a22001817a 4500 |
| 003 - CONTROL NUMBER IDENTIFIER | |
| control field | PILC |
| 005 - DATE AND TIME OF LATEST TRANSACTION | |
| control field | 20150728144834.0 |
| 008 - FIXED-LENGTH DATA ELEMENTS--GENERAL INFORMATION | |
| fixed length control field | 130222t xxu||||| |||| 00| 0 eng d |
| 020 ## - INTERNATIONAL STANDARD BOOK NUMBER | |
| International Standard Book Number | 9814119504 |
| 050 ## - LIBRARY OF CONGRESS CALL NUMBER | |
| Classification number | HF 5718 |
| Item number | .B68 2005 |
| 082 ## - DEWEY DECIMAL CLASSIFICATION NUMBER | |
| Classification number | MCSF 658.45 |
| Item number | B66 2005 |
| 100 ## - MAIN ENTRY--PERSONAL NAME | |
| Personal name | Bovee, Courtland L. |
| 9 (RLIN) | 801 |
| 245 ## - TITLE STATEMENT | |
| Title | Business communication today / |
| Statement of responsibility, etc | Courtland L. Bovee, John V. Thill |
| 250 ## - EDITION STATEMENT | |
| Edition statement | 6th ed. |
| 260 ## - PUBLICATION, DISTRIBUTION, ETC. (IMPRINT) | |
| Place of publication, distribution, etc | Upper Saddle River, N.J. |
| Name of publisher, distributor, etc | Pearson/Prentice Hall |
| Date of publication, distribution, etc | 2005. |
| 300 ## - PHYSICAL DESCRIPTION | |
| Extent | xxv, 685 pages : |
| Other physical details | illustrations ; |
| Dimensions | 28 cm. |
| 942 ## - ADDED ENTRY ELEMENTS (KOHA) | |
| Source of classification or shelving scheme | Library of Congress Classification |
| Koha item type | Books |
| Withdrawn status | Lost status | Source of classification or shelving scheme | Damaged status | Home library | Current library | Shelving location | Date acquired | Source of acquisition | Total Checkouts | Full call number | Barcode | Date last seen | Copy number | Price effective from | Koha item type | Public note | Date checked out |
|---|---|---|---|---|---|---|---|---|---|---|---|---|---|---|---|---|---|
| Withdrawn | Library of Congress Classification | Southville International School Affiliated with Foreign Universities Library | Southville International School Affiliated with Foreign Universities Library | 08/28/2013 | Donation | HF 5718 .B68 2005 | SFU0941 | 05/15/2018 | 2 | 08/28/2013 | Books | Books donated | |||||
| Withdrawn | Library of Congress Classification | Southville International School Affiliated with Foreign Universities Library | Southville International School Affiliated with Foreign Universities Library | 08/28/2013 | Donation | HF 5718 .B68 2005 | SFU0940 | 05/15/2018 | 1 | 08/28/2013 | Books | Books donated | |||||
| Withdrawn | Library of Congress Classification | Southville International School Affiliated with Foreign Universities Library | Southville International School Affiliated with Foreign Universities Library | 08/28/2013 | Donation | 1 | HF 5718 .B68 2005 | SFU0942 | 11/28/2018 | 3 | 08/28/2013 | Books | Books donated | 11/20/2018 | |||
| Library of Congress Classification | Southville International School Affiliated with Foreign Universities Library | Southville International School Affiliated with Foreign Universities Library | Southville Foreign University Section | 08/28/2013 | HF 5718 .B68 2002 | SFU0929 | 05/15/2018 | 3 | 08/28/2013 | Books | |||||||
| Library of Congress Classification | Southville International School Affiliated with Foreign Universities Library | Southville International School Affiliated with Foreign Universities Library | Southville Foreign University Section | 08/28/2013 | HF 5718 .B68 2002 | SFU0928 | 05/15/2018 | 2 | 08/28/2013 | Books | |||||||
| Library of Congress Classification | Southville International School Affiliated with Foreign Universities Library | Southville International School Affiliated with Foreign Universities Library | Southville Foreign University Section | 08/28/2013 | HF 5718 .B68 2002 | SFU0927 | 05/15/2018 | 1 | 08/28/2013 | Books | |||||||
| Withdrawn | Library of Congress Classification | Southville International School Affiliated with Foreign Universities Library | Southville International School Affiliated with Foreign Universities Library | 07/28/2015 | Donation | HF 5718 .B68 2005 | SFU2394 | 05/15/2018 | 07/28/2015 | Books | Books donated | ||||||
| Withdrawn | Library of Congress Classification | Southville International School Affiliated with Foreign Universities Library | Southville International School Affiliated with Foreign Universities Library | 07/28/2015 | Donation | HF 5718 .B68 2005 | SFU2395 | 05/15/2018 | 07/28/2015 | Books | Books donated | ||||||
| Withdrawn | Library of Congress Classification | Southville International School Affiliated with Foreign Universities Library | Southville International School Affiliated with Foreign Universities Library | 07/28/2015 | Donation | HF 5718 .B68 2005 | SFU2396 | 05/15/2018 | 07/28/2015 | Books | Books donated |